Misterios de la inquisición de españa /
Guardado en:
| Autor Principal: | |
|---|---|
| Formato: | Libro |
| Publicado: |
Barcelona :
Maucci,
1910
|
| Materias: | |
| Etiquetas: |
Agregar Etiqueta
Sin Etiquetas, Sea el primero en etiquetar este registro!
|
| LEADER | 00493nam a22001815a 4500 | ||
|---|---|---|---|
| 001 | CEM.cems002402 | ||
| 005 | 20060217000000.0 | ||
| 008 | 130507s1910##################000#0#####d | ||
| 003 | CEMS | ||
| 082 | 0 | 4 | |a 946.04 |
| 100 | 1 | |a Fereal, M. V. De | |
| 245 | 1 | 0 | |a Misterios de la inquisición de españa / |
| 260 | |a Barcelona : |b Maucci, |c 1910 | ||
| 300 | |a 444 | ||
| 653 | |a Historia | ||
| 653 | |a Historia de españa | ||
| 653 | |a Inquisicion | ||
| 859 | |a CEMS |b BIB. CEMS - 11 de abril |h 946.04 |i F374 |p 9179.81 |t Ej.1 | ||
